Statystyki dla Największe miasta w województwie wielkopolskim A-Z

Kliknij tutaj aby rozwiązać quiz!

Ogólne statystyki

  • Ten quiz został rozwiązany 3 791 razy
  • Średni wynik to 9 z 20

Statystyki odpowiedzi

#MiastoPopulacja% Poprawnych
PPoznań546 859
99%
KKalisz95 905
82%
GGniezno65 452
75%
LLeszno61 791
72%
OOstrów Wielkopolski70 725
62%
ŚŚrem28 835
57%
JJarocin26 565
55%
TTurek25 376
49%
WWrześnia31 986
48%
RRawicz20 305
43%
NNowy Tomyśl14 116
36%
SSwarzędz29 295
36%
CChodzież18 044
33%
ZZłotów18 768
31%
MMosina14 511
18%
BBuk5 718
16%
UUjście3 488
14%
ŻŻerków2 078
12%
ŁŁobżenica2 853
10%
DDobrzyca2 949
9%

Rozkład punktacji

Percentyl według liczby udzielonych odpowiedzi

Procent ludzi z każdym wynikiem

Twoja historia wyników

Nie rozwiązałeś tego quizu